01090nam a22002297a 4500999001700000020002900017082001300046100001600059245003200075250001700107260004200124300001700166650002100183700002100204856004800225942000700273952011600280952011600396952011600512952011600628952011600744 c66542d66539 a9788131787014(Paperback) a005.8THO aThomas, Tom aNetwork Security First-Step a2nd Edition. aNew Delhi:bPearson Education,c2012. aXXIV,423p. ; aNetwork Security aStoddard, Donald uhttp://10.10.170.122:8080/browse/book/22884 cBK 001040708REFaREFbREFcREFd2020-11-13g1630.00l0o005.8 THO (Shelf - 13C)p58132r2020-11-13 00:00:00yBK 001040708REFaREFbREFcREFd2020-11-13g1630.00l0o005.8 THO (Shelf - 13C)p58133r2020-11-13 00:00:00yBK 001040708REFaREFbREFcREFd2020-11-13g1630.00l0o005.8 THO (Shelf - 13C)p58134r2020-11-13 00:00:00yBK 001040708REFaREFbREFcREFd2020-11-13g1630.00l0o005.8 THO (Shelf - 13C)p58135r2020-11-13 00:00:00yBK 001040708REFaREFbREFcREFd2020-11-13g1630.00l0o005.8 THO (Shelf - 13C)p58136r2020-11-13 00:00:00yBK